Focus sur: Pénélope Deauclaire - Harry Potter - Statistiques

Statistiques générales
  • Ce quiz a été pris 114 fois
  • Le résultat moyen est 6 sur 7
Statistiques - réponses
Informations recherchées Réponses % Correct
Lieu de rencontre avec Harry Potter Poudlard
100%
Ecole fréquentée Poudlard
100%
Statut du sang Sang-Mêlé ou Née-Moldue
100%
Maison fréquentée Serdaigle
98%
Petit ami Percy Weasley
93%
Première apparition Harry Potter et la Chambre des Secrets
92%
Actrice l'interprétant dans les films Gemma Padley
15%
Aucun quiz correspondant
Distribution des résultats
% des personnes avec chaque résultat
Percentile par nombre de réponses
Votre historique - résultats
Vous n’avez pas pris ce quiz